00717cam a2200229 a 4500001000800000005001700008008004100025010001700066020003200083040001800115041000800133080001900141082002300160100000700183101000800190245006200198504005100260906004500311942001200356999001700368952010200385447342620180112051010.0961121s1997 flua b 001 0 eng  a 96049213  a0849326591 (acidfree paper) aDLCcDLCdDLC aeng a572.86.072 WIL00a572.86.072 WIL221 a12 aBIO00aMethods in gene biotechnology /cWilliam Wu ... [et al.]. aIncludes bibliographical references and index. a7bcbccorignewd1eocipf19gy-gencatlg 2ddccBK c40199d40199 00102ddc4070a002b002d2018-01-12l0o572.86.072 WILp002-2994912r2018-01-12w2018-01-12yBK